Γενική γεωργία

Αποθηκεύτηκε σε:
Λεπτομέρειες βιβλιογραφικής εγγραφής
Κύριος συγγραφέας: Δόρδας, Χρήστος
Μορφή: Βιβλίο
Γλώσσα:Greek
Δημοσίευση: Θεσσαλονίκη : Σύγχρονη Εποχή, 2018.
Θέματα:
Ετικέτες: Προσθήκη ετικέτας
Δεν υπάρχουν, Καταχωρήστε ετικέτα πρώτοι!

MARC

LEADER 00000cam a2200000 a 4500
001 1/123071
008 210528s2018####gr dab ||| |||| ||gre||
020 |a 9789603571278 
040 |a GR-MyUa  |b gre  |c GR-MyUa  |e AACR2 
041 0 |a gre 
082 7 |a 630  |2 (23) 
100 1 |a Δόρδας, Χρήστος. 
245 1 0 |a Γενική γεωργία /   |c Χρήστος Δόρδας.  
260 |a Θεσσαλονίκη :   |b Σύγχρονη Εποχή,   |c 2018.  
300 |a 336 σ. :   |b πιν., χάρτες ;   |c 24 εκ.  
504 |a Περιλαμβάνει βιβλιογραφικές παραπομπές.  
650 0 |a Agriculture 
650 0 |a Plant breeding 
650 0 |a Field crops 
852 |a INST  |b LESVOS  |c EUDOXUS  |e 20210528  |h 630 ΔΟΡ  |p 005100063295  |q 005100063295  |t EDX  |y 0 
920 |a Εύδοξος  |b Παραγγελία  |y Λέσβος-ΤΠ  |z 2021-05 
970 |a Καμάτσου  |b Δέσποινα  |z 28-05-2021